[Event "Open A"]
[Site "Pardubice CZE"]
[Date "2005.07.23"]
[Round "2"]
[White "Werle,J"]
[Black "Jirka,J"]
[Result "0-1"]
[WhiteElo "2514"]
[BlackElo "2391"]

1.Nf3 d5 2.d4 Nf6 3.c4 c6 4.Nc3 a6 5.c5 g6 6.Bf4 Nh5 7.e3 Bg7 8.Bd3 Nxf4
9.exf4 b6 10.Na4 bxc5 11.Nxc5 Bg4 12.Nb3 a5 13.Be2 Bxf3 14.Bxf3 a4 15.Nc1 Qa5+
16.Kf1 Qb4 17.Ne2 Qxb2 18.g4 e6 19.Kg2 O-O 20.Qd3 Qb5 21.Qa3 Nd7 22.Rab1 Qa6
23.h4 c5 24.dxc5 Rfc8 25.f5 Rxc5 26.h5 gxf5 27.gxf5 Kh8 28.fxe6 fxe6 29.Nf4 Rf8
30.Ng6+ hxg6 31.hxg6+ Kg8 32.Bg4 Rf6 33.Qh3 Rxg6 34.Qh5 Ne5 35.Rb8+ Rc8  0-1

[Event "Open A"]
[Site "Pardubice CZE"]
[Date "2005.07.23"]
[Round "2"]
[White "Arutinian,D"]
[Black "Kachar,V"]
[Result "1/2-1/2"]
[WhiteElo "2446"]
[BlackElo "2332"]

1.d4 d5 2.c4 c6 3.Nf3 Nf6 4.Nc3 a6 5.c5 Nbd7 6.Bf4 Nh5 7.Bg5 g6 8.e4 dxe4
9.Nxe4 Ndf6 10.Nc3 Be6 11.Bd3 Bg7 12.O-O h6 13.Bd2 Nd5 14.Qc1 g5 15.Re1 Nhf4
16.Bf1 Bf5 17.Bxf4 Nxf4 18.Qe3 e6 19.Ne5 O-O 20.Rad1 Qc7 21.Nc4 Rad8 22.Nd6 Rxd6
23.cxd6 Qxd6 24.Rd2 Rd8 25.Red1 Nd5 26.Qg3 Qe7 27.Bd3 Bxd3 28.Rxd3 Nf4 29.R3d2 Ng6
30.Ne2  1/2-1/2

[Event "Open A"]
[Site "Pardubice CZE"]
[Date "2005.07.23"]
[Round "2"]
[White "Radovic,S"]
[Black "Stoma,P"]
[Result "0-1"]
[WhiteElo "2224"]
[BlackElo "2312"]

1.d4 Nf6 2.c4 c6 3.Nc3 d5 4.Nf3 a6 5.c5 Nbd7 6.Bf4 Nh5 7.Bd2 Nhf6 8.Qc2 g6
9.e4 dxe4 10.Ng5 h6 11.Ngxe4 Bg7 12.Bc4 Nxe4 13.Nxe4 Nf8 14.O-O-O Be6 15.Rhe1 Qc7
16.Bc3 Rg8 17.Bxe6 Nxe6 18.d5 cxd5 19.Bxg7 dxe4 20.Qa4+ Qc6 21.Qxc6+ bxc6
22.Bxh6 g5 23.h4 Nxc5 24.Kc2 gxh4 25.Be3 Nd3 26.Rg1 Rb8 27.b3 f5 28.f3 Nb4+
29.Kb2 exf3 30.gxf3 Kf7 31.a3 Nd5 32.Bf2 h3  0-1

[Event "Open A"]
[Site "Pardubice CZE"]
[Date "2005.07.28"]
[Round "7"]
[White "Mihailovs,J"]
[Black "Kireev,A"]
[Result "1/2-1/2"]
[WhiteElo "2298"]
[BlackElo "2396"]

1.d4 d5 2.c4 c6 3.Nf3 Nf6 4.Nc3 a6 5.cxd5 cxd5 6.Bf4 Nc6 7.e3 Bg4 8.h3 Bxf3
9.Qxf3 e6 10.Bd3 Be7 11.O-O O-O 12.Rfc1 Rc8 13.Qe2 Na5 14.Na4 Nd7 15.Qe1 Nc4
16.b3 Nd6 17.Rxc8 Qxc8 18.Rc1 Qb8 19.Nc5 Nf6 20.Qb4 Rc8 21.Rc2 Nfe8 22.Qa4 Qa8
23.b4 Rd8 24.Qa5 Rc8 25.Qa4 Rd8 26.Rc3 g6 27.Rc2  1/2-1/2

[Event "Open Dutch Championship"]
[Site "Dieren NED"]
[Date "2005.07.30"]
[Round "5"]
[White "Savchenko,S"]
[Black "Purnama,T"]
[Result "1-0"]
[WhiteElo "2506"]
[BlackElo "2337"]

1.Nf3 Nf6 2.c4 c6 3.d4 d5 4.Nc3 a6 5.h3 b5 6.c5 g6 7.Bf4 Bg7 8.e3 O-O 9.Bd3 Bf5
10.Bxf5 gxf5 11.g4 Qc8 12.Qc2 a5 13.Qxf5 Qxf5 14.gxf5 Nbd7 15.Rg1 Kh8 16.Ne5 Nxe5
17.Bxe5 Nh5 18.Ne2 Rg8 19.Kd2 Bf6 20.Rg4 Ng7 21.Bxf6 exf6 22.Ng3 a4 23.Rg1 h6
24.Kd3 Rgd8 25.Ne2 Rg8 26.Nf4 Kh7 27.f3 a3 28.b3 Nxf5 29.Rxg8 Rxg8 30.Rxg8 Kxg8
31.e4 Ne7 32.exd5 cxd5 33.Kc3 Kf8 34.Nh5 f5 35.Nf4 Ke8 36.b4 Kd7 37.Kb3 Kc6
38.Kxa3 Ng6 39.Ng2 Nf8 40.Ne3 f4 41.Nf5 Ne6 42.h4 h5 43.Kb3 f6 44.a4 Nc7
45.Nd6 bxa4+ 46.Kxa4 Ne6 47.b5+ Kd7 48.Nf5 Kc7 49.Ka5 Kb7 50.b6 Nd8 51.Kb5  1-0

[Event "Open A"]
[Site "Pardubice CZE"]
[Date "2005.07.30"]
[Round "9"]
[White "Makarov,M"]
[Black "Aleshin,O"]
[Result "1/2-1/2"]
[WhiteElo "2514"]
[BlackElo "2425"]

1.d4 d5 2.Nf3 Nf6 3.c4 c6 4.Nc3 a6 5.cxd5 cxd5 6.Bf4 Nc6 7.Rc1 Bf5 8.e3 e6
9.Be2 Be7 10.Ne5 Nxe5 11.Bxe5 O-O 12.O-O Nd7 13.Bg3 Rc8 14.Qb3 Qb6 15.Bf3 Rc4
16.Bxd5 Qxb3 17.axb3 Rxc3 18.Rxc3 exd5 19.Rc7 b6 20.Rfc1 Bb4 21.Rb7 b5 22.Rc6 Nf6
23.Rb8 Ne4 24.Bc7 Bd7 25.Rxa6 Rxb8 26.Bxb8 Kf8 27.Kf1 Ke7 28.Ke2 Nd2 29.Bc7 Nxb3
30.Kd1 Nd2 31.Ba5 Bxa5 32.Rxa5 Nc4 33.Ra2 h5 34.Kc2 h4 35.Kc3 Nd6 36.Kb4 h3
37.gxh3 Ne4 38.b3 Kd6 39.h4 g6 40.f3 Nf6 41.Ra7 Ne8 42.Ra6+ Bc6 43.e4 dxe4
44.fxe4 Nc7 45.Rb6 Na8 46.Ra6 Nc7  1/2-1/2

[Event "92nd ch-GBR"]
[Site "Douglas IOM"]
[Date "2005.08.02"]
[Round "2"]
[White "Bonafont,P"]
[Black "Haslinger,S"]
[Result "0-1"]
[WhiteElo "2116"]
[BlackElo "2412"]

1.d4 d5 2.Nf3 Nf6 3.c4 c6 4.Nc3 a6 5.e3 e6 6.Qc2 c5 7.cxd5 exd5 8.dxc5 Bxc5
9.Be2 Nc6 10.a3 Be6 11.b4 Be7 12.Bb2 Rc8 13.O-O O-O 14.Rfd1 Qb6 15.Rd2 Ne4
16.Nxe4 Nxb4 17.Qb1 dxe4 18.Qxe4 Nd5 19.Qd4 f6 20.Bd3 Rfd8 21.Rad1 g6 22.Qh4 Nc3
23.Bxc3 Rxc3 24.Nd4 Bf7 25.a4 Qb4 26.Qe4 Bc5 27.Bf1 f5 28.Qb1 Qxb1 29.Rxb1 f4
30.Rd3 Rxd3 31.Bxd3 fxe3 32.fxe3 Bxd4 33.exd4 Rxd4 34.Bc2 Bd5 35.Rd1 Rxd1+
36.Bxd1 Kf7 37.Kf2 Ke7 38.g3 Kd6 39.Ke3 Kc5  0-1

[Event "Valoz Cup GMA"]
[Site "Olomouc CZE"]
[Date "2005.08.03"]
[Round "1"]
[White "Sundararajan,K"]
[Black "Stopa,Ja"]
[Result "1/2-1/2"]
[WhiteElo "2484"]
[BlackElo "2460"]

1.d4 d5 2.c4 c6 3.Nf3 Nf6 4.Nc3 a6 5.c5 Nbd7 6.h3 Qc7 7.Bg5 b6 8.cxb6 Qxb6
9.Qc2 e6 10.e3 c5 11.dxc5 Nxc5 12.Bxf6 gxf6 13.Be2 f5 14.O-O Bg7 15.Rac1 Ne4
16.Na4 Qd8 17.Qc7 O-O 18.Nd4 Qxc7 19.Rxc7 Be5 20.Rc2 Bb7 21.Nc6 Bxc6 22.Rxc6 Rfc8
23.Rfc1 Rxc6 24.Rxc6 a5 25.f3 Ng3 26.Kf2 f4 27.exf4  1/2-1/2

[Event "ch-IRI Semi-Final"]
[Site "Tehran IRI"]
[Date "2005.08.05"]
[Round "3"]
[White "Sepehrkhoui,A"]
[Black "Momeni,E"]
[Result "0-1"]
[WhiteElo "2152"]
[BlackElo "2198"]

1.d4 d5 2.Nf3 Nf6 3.c4 c6 4.Nc3 a6 5.e3 b5 6.b3 Bf5 7.Bd3 Bxd3 8.Qxd3 e6
9.Ne5 Bd6 10.f4 b4 11.Na4 Ne4 12.O-O O-O 13.Bd2 f5 14.Be1 a5 15.Rc1 Bxe5
16.dxe5 Nd7 17.cxd5 exd5 18.Rxc6 Qe7 19.Qc2 Ra7 20.Bf2 Nb8 21.Rc8 Qd7 22.Rc1 Na6
23.Rc6 Re8 24.Qd3 Nc7 25.Be1 Nc3 26.Rc5 Nxa4 27.bxa4 Rb8 28.Rc6 Ne8 29.g4 g6
30.gxf5 gxf5 31.Bh4 Rbb7 32.R6c2 Rc7 33.Rg2+ Kf8 34.Rf1 Qxa4 35.Kh1 Rg7 36.Bg5 Rg6
37.h4 Ng7 38.Qe2 h5 39.Be7+ Kf7 40.Rxg6 Kxg6 41.Rg1+ Kh7 42.Bf6 Qe8 43.Qg2 Qf7
44.Qe2 Ne8 45.Bd8 Ra8 46.Bb6 Ng7 47.Qb5 Qb7 48.Qc5 Rc8 49.Qxa5 d4+ 50.Kh2 Rc2+
51.Kg3 d3 52.Qxb4 d2 53.Rd1 Qd5 54.Qd4 Qxa2 55.Kf2 Rc1 56.Ke2 Qb1 57.Rxd2 Rh1
58.Rd1 Rxd1 59.Qxd1 Qxb6 60.Qg1 Qb5+ 61.Kf3 Qb2 62.Qg5 Qh2 63.Qf6 Qg1 64.Ke2 Qg4+
65.Kd3 Qf3 66.Kd2 Qf2+ 67.Kd3 Qe1 68.Qe7 Qd1+ 69.Kc3 Qe2 70.Qg5 Qxe3+ 71.Kc4 Qe2+  0-1

[Event "Open"]
[Site "Olomouc CZE"]
[Date "2005.08.07"]
[Round "4"]
[White "Dobrev,N"]
[Black "Karhanek,P"]
[Result "1/2-1/2"]
[WhiteElo "2426"]
[BlackElo "2220"]

1.d4 d5 2.c4 c6 3.Nf3 Nf6 4.Nc3 a6 5.cxd5 cxd5 6.Bf4 Nc6 7.e3 Bg4 8.Rc1 Rc8
9.Be2 e6 10.Qb3 Bb4 11.O-O O-O 12.Ne5 Bxe2 13.Nxe2 Qe7 14.Nxc6 bxc6 15.a3 Bd6
16.Qb6 Bxf4 17.Nxf4 Rb8 18.Qxc6 Rxb2 19.Qxa6 Ne4 20.Rb1 Rc2 21.Rb7 Qh4 22.Nd3 h5
23.Rb2 Rfc8 24.a4 Qg4 25.Rxc2 Rxc2 26.Ne1 Rc1 27.f3 Qg5 28.Qe2 Nd6 29.Nc2 Rxf1+
30.Kxf1 Nc4 31.Qe1 Qd8 32.Qb4 h4 33.Kf2 Qc7 34.g3 Nd6 35.Qc5 Qb8 36.Qb4 Qc7
37.Qc5 Qb8 38.a5 Nf5 39.f4 hxg3+ 40.hxg3 Qb1 41.a6 Nxg3 42.Qc8+ Kh7 43.f5 Ne4+
44.Kg2 Qd1 45.Qc7 Qe2+ 46.Kh3 Qxa6 47.fxe6 Qxe6+ 48.Kh2 Qh6+ 49.Kg2 Qg5+
50.Kf1 Qf5+ 51.Qf4 Nd2+ 52.Ke2 Qxc2 53.Qh4+ Kg6 54.Qg4+ Kf6 55.Qf4+ Qf5 56.Qd6+ Kg5
57.Kxd2 g6 58.Qg3+ Kf6 59.Ke2 g5 60.Qd6+ Kg7 61.Qg3 Kg6 62.Qd6+ Qe6 63.Qd8 Qg4+
64.Kf2 Qf5+ 65.Kg3 Kg7 66.Qe7 Qf6 67.Qb7 Qe6 68.Kf2 Qf5+ 69.Kg3 Qe4 70.Qb3 Kg6
71.Qc3 Kh5 72.Qc1 g4 73.Kh2 Qf3 74.Qc7 Qf2+ 75.Kh1 g3 76.Qe5+ Kg4 77.Qg7+ Kf3
78.Qf6+ Ke4 79.Qe6+ Kd3 80.Qa6+ Kxe3 81.Qd3+  1/2-1/2

[Event "Proclient Cup GMB"]
[Site "Olomouc CZE"]
[Date "2005.08.07"]
[Round "7"]
[White "Prasad,D"]
[Black "Hassan,Ab"]
[Result "1-0"]
[WhiteElo "2359"]
[BlackElo "2341"]

1.d4 d5 2.Nf3 Nf6 3.c4 c6 4.Nc3 a6 5.e3 b5 6.c5 Bg4 7.Qb3 Nbd7 8.a4 e5 9.Qa3 Rc8
10.axb5 axb5 11.Qa5 Qxa5 12.Rxa5 e4 13.Nd2 Be7 14.Nb3 O-O 15.h3 Be6 16.Na2 Bd8
17.Ra6 Nb8 18.Ra8 Ne8 19.Nb4 f5 20.Be2 g5 21.O-O g4 22.hxg4 fxg4 23.Bd2 h5
24.g3 h4 25.gxh4 Nc7 26.Ra7 Bxh4 27.Na5 Bd7 28.Nb7 Ne8 29.Na5 Nf6 30.Nb7 Ne8
31.Na5 Nf6 32.Kg2 Be6 33.Rh1 Bg5 34.Re7 Rfe8 35.Rxe8+  1-0

[Event "HZ Open"]
[Site "Vlissingen NED"]
[Date "2005.08.07"]
[Round "2"]
[White "Berens,T"]
[Black "Purnama,T"]
[Result "0-1"]
[WhiteElo "2059"]
[BlackElo "2337"]

1.d4 d5 2.c4 c6 3.Nc3 Nf6 4.Nf3 a6 5.cxd5 cxd5 6.Bg5 Ne4 7.Bd2 Nc6 8.e3 Bf5
9.Qb3 Nxd2 10.Nxd2 e6 11.Be2 Bd6 12.O-O O-O 13.Rac1 Na5 14.Qd1 b5 15.f4 h6
16.g4 Bh7 17.Rf3 Nc4 18.Nxc4 bxc4 19.Qd2 Rb8 20.Rf2 Qa5 21.e4 dxe4 22.Bxc4 Rfc8
23.Bb3 Rb4 24.Qe3 Qd8 25.Rfc2 Rxd4 26.Nxe4 Rxc2 27.Bxc2 Bc7 28.Nc5 Bxf4  0-1

[Event "Summer"]
[Site "Borovo CRO"]
[Date "2005.08.08"]
[Round "5"]
[White "Cebalo,M"]
[Black "Szuhanek,R"]
[Result "1-0"]
[WhiteElo "2511"]
[BlackElo "2444"]

1.d4 d5 2.c4 c6 3.Nf3 Nf6 4.Nc3 a6 5.cxd5 cxd5 6.Bf4 Nc6 7.Rc1 Bf5 8.e3 Rc8
9.Be2 e6 10.O-O Be7 11.Qb3 Na5 12.Qa4+ Kf8 13.Ne5 b5 14.Qd1 Nd7 15.a4 Nxe5
16.Bxe5 b4 17.Na2 Nc4 18.b3 Nxe5 19.dxe5 a5 20.Qd4 Bc2 21.Ba6 Rc5 22.Bd3 Bxd3
23.Qxd3 Qb6 24.Rxc5 Bxc5 25.Nc1 g6 26.Qc2 Kg7 27.Nd3 Be7 28.Rc1 Ra8 29.Kf1 Bd8
30.Qc6 Rb8 31.Qxb6 Bxb6 32.Rc6 Kf8 33.Ke2 Ke7 34.Nc5 Kd8 35.f4 Ba7 36.Rd6+ Ke8
37.Nd7 Rc8 38.Nf6+ Kf8 39.Ra6 Rc2+ 40.Kf3 Rc7 41.Rxa5 h5 42.Rb5 Rc3 43.Rb7 Bxe3
44.g4 Bc1+ 45.Kg2 Bxf4 46.Rxb4 Rc2+ 47.Kf3 Bc1 48.g5 Kg7 49.h4 Rc3+ 50.Ke2 Rc8
51.a5 Bb2 52.a6 Bxe5 53.Nd7 Bc3 54.Ra4 Bb2 55.a7  1-0

[Event "ch-IRI Semi-Final"]
[Site "Tehran IRI"]
[Date "2005.08.09"]
[Round "7"]
[White "Ghorbani,M"]
[Black "Momeni,E"]
[Result "1/2-1/2"]
[WhiteElo "2340"]
[BlackElo "2198"]

1.d4 d5 2.c4 c6 3.Nc3 Nf6 4.Nf3 a6 5.c5 Nbd7 6.Bf4 Nh5 7.e3 Nxf4 8.exf4 Qc7
9.Qd2 g6 10.g3 Bg7 11.Bg2 O-O 12.O-O Re8 13.Rfe1 e6 14.Re2 f6 15.Rae1 Nf8
16.h4 Bd7 17.Na4 Re7 18.b4 Rae8 19.Qc3 e5 20.dxe5 Bg4 21.Re3 fxe5 22.Nxe5 Nd7
23.Qd4 Bf5 24.Nb6 Nxe5 25.fxe5 Bxe5 26.Qd2 d4 27.Rf3 d3 28.Ree3 Bd4 29.Rxd3 Re2
30.Rxd4 Rxd2 31.Rxd2 Re1+ 32.Kh2 Rb1 33.a3 a5 34.Rf4 axb4 35.axb4 Qe5 36.Rdd4 Qe1
37.g4 Qg1+ 38.Kg3 Rb3+ 39.Rf3 Rxf3+ 40.Kxf3 Be6 41.Kg3 Qa1 42.Re4 Qf6 43.Bf3 Kg7
44.Re3 h6 45.b5 cxb5 46.Bxb7 b4 47.Bd5 Bxd5 48.Nxd5 Qd4 49.Nf4 Kf7 50.Rf3 Kg8
51.Nxg6 Qxc5 52.Nf4 Qc4 53.Nd3 b3 54.Re3 Qc7+ 55.Kg2 Qg7 56.Kg3 b2 57.Nxb2 Qxb2
58.Kg2 Qb7+ 59.Kh2 Qc7+ 60.Kg2 Qf4 61.Rg3 Kh7 62.Kg1 Qf6 63.h5 Qd4 64.Kg2 Kg7
65.Kf1 Kf6 66.Kg1 Kg5 67.Kg2 Qe4+ 68.Kg1 Qe1+ 69.Kg2 Kh4 70.Re3 Qd2 71.Rg3 Qd1
72.g5 hxg5 73.Rh3+ Kg4 74.h6 Qd8 75.h7 Qh8 76.Rh2 Kf4 77.Rh6 g4 78.Rh5 Qa8+
79.Kg1 Qa1+ 80.Kg2 Qh8 81.Rh6 Kg5 82.Rh2 Kg6 83.Rh4 Kg5 84.Rh2 Qa8+ 85.Kg1 Qa1+
86.Kg2 Qh8 87.Kg1 g3 88.fxg3 Kg4 89.Kg2 Qb2+ 90.Kg1 Qc1+ 91.Kg2 Qd2+ 92.Kg1 Qe1+
93.Kg2 Qe4+ 94.Kg1 Kxg3 95.Rh3+  1/2-1/2

[Event "92nd ch-GBR"]
[Site "Douglas IOM"]
[Date "2005.08.10"]
[Round "9"]
[White "Ward,C"]
[Black "Haslinger,S"]
[Result "1/2-1/2"]
[WhiteElo "2485"]
[BlackElo "2412"]

1.d4 d5 2.c4 c6 3.Nc3 Nf6 4.Nf3 a6 5.e3 e6 6.Ne5 c5 7.cxd5 exd5 8.Be2 Bd6
9.f4 b5 10.Bf3 Bb7 11.a4 b4 12.Ne2 Qe7 13.b3 cxd4 14.Nxd4 Bxe5 15.fxe5 Qxe5
16.Qd2 O-O 17.O-O a5 18.Bb2 Nbd7 19.Rac1 Rac8 20.Nc6 Qe6 21.Nxa5 Ba6 22.Rxc8 Rxc8
23.Rc1 Qb6 24.Rxc8+ Bxc8 25.Qc1 Nc5 26.Bd4 Nfd7 27.Bg4 Qxa5 28.Bxd7 Bxd7
29.Qxc5 Qxc5 30.Bxc5 d4 31.exd4 Be6 32.Bxb4 Bxb3 33.a5 Bc4 34.Kf2 f6 35.Ke3 Kf7
36.g3 Ke6 37.Bf8 Kf7 38.Bc5 Ke6 39.Kd2 Bb5 40.h4 g6 41.Bf8 h5 42.Bh6 Ba6
43.Ke3 Bb5 44.Ke4 Bc6+ 45.Kf4 Bb7 46.Bg7 Kf7 47.Bh8 Ke6 48.Bg7 Kf7 49.Bh6 Ke6
50.Bf8 Kd5 51.Bc5 Bc8 52.Bb6 Bb7 53.Ke3 Ba6 54.Bd8 Ke6 55.Kd2 Bf1 56.Kc3 Kd5
57.Bxf6 Ba6 58.Kd2 Ke4 59.Ke1 Bb5 60.Kf2 Ba6 61.g4 Bc4 62.g5 Ba6 63.Ke1 Bb5
64.Kd2 Ba6 65.Kc3 Bf1 66.Kb4 Kd5 67.Be5  1/2-1/2

[Event "HZ Open"]
[Site "Vlissingen NED"]
[Date "2005.08.11"]
[Round "6"]
[White "Volke,K"]
[Black "Purnama,T"]
[Result "1-0"]
[WhiteElo "2477"]
[BlackElo "2337"]

1.Nf3 Nf6 2.c4 c6 3.Nc3 d5 4.d4 a6 5.c5 Nbd7 6.Bf4 Nh5 7.Bd2 Nhf6 8.h3 Qc7
9.Bg5 g6 10.e3 Bg7 11.Bf4 Qd8 12.Be2 O-O 13.O-O Ne4 14.Nxe4 dxe4 15.Nd2 e5
16.dxe5 Nxc5 17.Qc2 Bf5 18.Nc4 Nd3 19.Bxd3 exd3 20.Qd2 b5 21.Nd6 f6 22.Nxf5 gxf5
23.e6 c5 24.e7 Qxe7 25.Qxd3 Qe4 26.Qc3 c4 27.Rfd1 Rfd8 28.a4 Bf8 29.Rxd8 Rxd8
30.axb5 axb5 31.Qxf6 Be7 32.Qb6 b4 33.Ra7 c3 34.bxc3 bxc3 35.Qb3+  1-0

[Event "TCh-ESP Premier North"]
[Site "Barcelona ESP"]
[Date "2005.08.13"]
[Round "4"]
[White "Sauleda Roig,J"]
[Black "Simonet,M"]
[Result "1/2-1/2"]
[WhiteElo "2172"]
[BlackElo "2289"]

1.d4 d5 2.c4 c6 3.Nc3 Nf6 4.Nf3 a6 5.a4 e6 6.Bg5 a5 7.e3 Na6 8.Qb3 Nb4 9.Be2 Be7
10.O-O b6 11.Rac1 Bb7 12.Ne5 O-O 13.Rfd1 Rc8 14.Bf3 Ne8 15.Bxe7 Qxe7 16.cxd5 exd5
17.Na2 Nxa2 18.Qxa2 Nd6 19.b3 f6 20.Nd3 Ba6  1/2-1/2

[Event "FSIMA August"]
[Site "Budapest HUN"]
[Date "2005.08.14"]
[Round "9"]
[White "Malada,V"]
[Black "Brustkern,J"]
[Result "1/2-1/2"]
[WhiteElo "2248"]
[BlackElo "2250"]

1.d4 d5 2.Nf3 Nf6 3.c4 c6 4.Nc3 a6 5.c5 Nbd7 6.Bf4 Nh5 7.e3 g6 8.Bd3 f6 9.O-O Bg7
10.Bg3 Nxg3 11.hxg3 e5 12.e4 exd4 13.Nxd4 Nxc5 14.exd5 Nxd3 15.Qxd3 cxd5
16.Rfe1+ Kf7 17.Rad1 h5 18.Qc2 h4 19.gxh4 Rxh4 20.Qb3 Rh5 21.Ne4 Kg8 22.Re2 Kh7
23.Ng3 Re5 24.Red2 Re7 25.Nge2 Bh6 26.Rd3 Bg4 27.f3 Bd7 28.Qxd5  1/2-1/2

[Event "Masters"]
[Site "Abu Dhabi UAE"]
[Date "2005.08.15"]
[Round "2"]
[White "Mamedjarova,Z"]
[Black "Mansour,A"]
[Result "1-0"]
[WhiteElo "2262"]
[BlackElo "2018"]

1.d4 d5 2.c4 c6 3.Nc3 Nf6 4.Nf3 a6 5.e3 Bg4 6.Qb3 b5 7.cxd5 cxd5 8.Ne5 e6
9.Nxb5 Qb6 10.Nxg4 Nxg4 11.Nc3 Nd7 12.Qxb6 Nxb6 13.Be2 Nf6 14.O-O Bd6 15.Bd2 Kd7
16.Rfc1 Rhc8 17.Be1 a5 18.Na4 Nxa4 19.Bb5+ Kd8 20.Rxc8+ Kxc8 21.Bxa4 Bb4
22.Kf1 Kb7 23.Rc1 Rc8 24.Rxc8 Kxc8 25.f3 Kc7 26.a3 Bxe1 27.Kxe1 Kd6 28.Kd2 Ng8
29.Kc3 Ne7 30.Bc2 h6 31.e4 g6 32.b4 axb4+ 33.Kxb4 Kc6 34.a4 Nc8 35.Bd3 Nd6
36.e5 Nb7 37.Bb5+ Kb6 38.Be8 Nd8 39.a5+ Ka6 40.Bd7 g5 41.g4 Ka7 42.Kb5 Kb7
43.a6+ Ka7 44.Be8 Kb8 45.Kb6  1-0

[Event "Independence Cup A"]
[Site "Kiev UKR"]
[Date "2005.08.15"]
[Round "4"]
[White "Moiseev,Ig"]
[Black "Kernazhitsky,L"]
[Result "0-1"]
[WhiteElo "2280"]
[BlackElo "2358"]

1.d4 d5 2.c4 c6 3.Nc3 Nf6 4.Nf3 a6 5.c5 Nbd7 6.Bf4 Nh5 7.e3 g6 8.Bd3 Bg7
9.O-O O-O 10.h3 Nxf4 11.exf4 Qc7 12.g3 b6 13.cxb6 Nxb6 14.Kh2 c5 15.dxc5 Qxc5
16.Rc1 Qd6 17.Re1 Bb7 18.Qe2 e6 19.Ne5 f6 20.Nxg6 hxg6 21.Qxe6+ Qxe6 22.Rxe6 Nc4
23.Bxg6 f5 24.Na4 d4 25.b3 Bd5 26.Re7 Nd2 27.Rcc7 Bf6 28.Red7 Nf3+ 29.Kg2 Be4
30.Bh7+ Kh8 31.Nc5 Ne5+ 32.Nxe4 Nxd7 33.Bxf5 Nb6 34.Nd6 Nd5 35.Rh7+ Kg8 36.Rb7 Ne7
37.Be6+ Kh8 38.g4 Rad8 39.Nf7+ Rxf7 40.Bxf7 Nd5 41.Kf3 d3 42.Bg6 d2 43.Bc2 Nc3
44.Rb6 Rd3+ 45.Kg2 Bd4 46.Rxa6 d1=Q 47.Bxd1 Nxd1 48.Kf1 Nxf2 49.Re6 Nxh3
50.Re4 Rd2 51.Ke1 Bc3 52.Rc4 Rd3+ 53.Ke2 Rg3 54.b4 Bg7 55.g5 Ra3 56.b5 Ng1+
57.Kf1 Nf3 58.Kg2 Nh4+ 59.Kh2 Rxa2+ 60.Kh3 Nf5 61.b6 Ra3+ 62.Kh2 Rb3 63.Rc5 Nh4
64.Rc6 Kh7 65.Kg1 Rb2 66.Kf1 Nf3 67.b7 Bd4 68.Rc7+ Kg6 69.f5+ Kxf5 70.Rf7+ Kg4
71.Rf4+ Kxf4 72.b8=Q+ Rxb8  0-1

[Event "Ada Open"]
[Site "Belgrade SCG"]
[Date "2005.08.16"]
[Round "2"]
[White "Savic,Dragol"]
[Black "Grbic,M"]
[Result "0-1"]
[WhiteElo "2127"]
[BlackElo "2327"]

1.d4 d5 2.c4 c6 3.Nf3 Nf6 4.Nc3 a6 5.e3 b5 6.b3 Bg4 7.h3 Bxf3 8.Qxf3 e6 9.Bd2 Bb4
10.Rc1 Nbd7 11.Bd3 O-O 12.O-O e5 13.cxd5 cxd5 14.dxe5 Nxe5 15.Qe2 Re8 16.Rfd1 d4
17.exd4 Nc4 18.Be3 Nxe3 19.fxe3 Bxc3 20.Rxc3 Nd5 21.Rc5 Nxe3 22.Rd2 Nc4 23.Bxh7+ Kf8
24.Qd3 Nxd2 25.Qxd2 Qd6 26.Rc1 Rad8 27.Rd1 Re5  0-1

[Event "14th Open"]
[Site "Kavala GRE"]
[Date "2005.08.16"]
[Round "6"]
[White "Halkias,S"]
[Black "Mateuta,G"]
[Result "1-0"]
[WhiteElo "2548"]
[BlackElo "2465"]

1.d4 d5 2.c4 c6 3.Nc3 Nf6 4.Nf3 a6 5.c5 Nbd7 6.Bf4 Nh5 7.g3 b6 8.b4 Nxf4
9.gxf4 a5 10.b5 Bb7 11.e4 e6 12.exd5 exd5 13.Bh3 Be7 14.O-O O-O 15.Bxd7 Qxd7
16.Ne5 Qe6 17.bxc6 Bxc6 18.Re1 Rae8 19.Rb1 Bd8 20.cxb6 Qc8 21.Qf3 Kh8 22.b7 Bxb7
23.Nxf7+ Kg8 24.Rxe8 Kxf7 25.Qh5+ Kg8 26.Rbe1 Bc6 27.Rxf8+ Kxf8 28.h3 h6
29.Qe5 Bf6 30.Qd6+ Kf7 31.Kh2 Qd7 32.Qxd7+ Bxd7 33.Nxd5  1-0

[Event "ch-AUT Qualifier"]
[Site "Gmunden AUT"]
[Date "2005.08.17"]
[Round "5"]
[White "Karner,C"]
[Black "Knoll,H"]
[Result "1/2-1/2"]
[WhiteElo "2349"]
[BlackElo "2355"]

1.d4 d5 2.c4 c6 3.Nf3 Nf6 4.Nc3 a6 5.c5 Nbd7 6.Bf4 Nh5 7.e3 Nxf4 8.exf4 b6
9.cxb6 e6 10.Rc1 Bd6 11.Qd2 c5 12.dxc5 Nxc5 13.Qd4 O-O 14.Be2 Qxb6 15.O-O Nd7
16.Qd2 Bb7 17.f5 Nf6 18.fxe6 fxe6 19.Qd4 Bc5 20.Qh4 Qd6 21.Rcd1 Rae8 22.Rfe1 Qc7
23.Bd3 e5 24.Nxd5 Bxd5 25.Bxh7+ Nxh7 26.Rxd5 Bd4 27.Nxd4 exd4 28.Rf1 Rf4
29.Qg3 Qf7 30.Rd6 Nf8 31.Qd3 Ne6 32.b4 Rg4 33.Kh1 Rxg2 34.Rxe6 Rxe6 35.Kxg2 Rg6+
36.Kh1 Qd5+ 37.f3 Qg5 38.Qb3+ Kh8 39.Qc2 d3 40.Qc8+ Kh7 41.Qh3+ Rh6 42.Qg4 Qe5
43.Qe4+ Qxe4 44.fxe4 Re6 45.Rd1 Rxe4 46.Rxd3  1/2-1/2

[Event "Ada Open"]
[Site "Belgrade SCG"]
[Date "2005.08.18"]
[Round "4"]
[White "Dunjic,D"]
[Black "Zmijanac,D"]
[Result "1-0"]
[WhiteElo "2090"]
[BlackElo "2240"]

1.d4 d5 2.c4 c6 3.Nc3 Nf6 4.Nf3 a6 5.e3 b5 6.cxd5 cxd5 7.Bd3 Bg4 8.O-O e6
9.a3 Bd6 10.Re1 Nc6 11.h3 Bh5 12.b4 Rc8 13.Bb2 O-O 14.Rc1 Qb6 15.Be2 Rfd8
16.Ne5 Bxe2 17.Qxe2 Bxe5 18.dxe5 Nd7 19.f4 Ne7 20.Qf2 Rc4 21.Rcd1 Rdc8 22.Rd3 a5
23.Qd2 axb4 24.axb4 Rxf4 25.Nxb5 Nf5 26.Kh2 Re4 27.Nd4 Nxe5 28.Rc3 Nc4 29.Nxf5 Qb8+
30.Kh1 exf5 31.Rec1 Rce8 32.Qxd5 Nxb2 33.Rc7 R4e6 34.Qb3 h6 35.R1c5 Nd1 36.Qxd1 Rxe3
37.Qd2 Re1+ 38.Kh2 R1e7 39.Qd6 Rxc7 40.Rxc7 Qd8 41.Qc5 Qd2 42.Qc4 Qd6+ 43.Kg1 Qd2
44.Qxf7+  1-0

[Event "Masters"]
[Site "Abu Dhabi UAE"]
[Date "2005.08.20"]
[Round "6"]
[White "Ibrahimov,R"]
[Black "Volkov,S1"]
[Result "1-0"]
[WhiteElo "2525"]
[BlackElo "2622"]

1.Nf3 d5 2.d4 Nf6 3.c4 c6 4.Nc3 a6 5.e3 b5 6.c5 g6 7.Bd3 Bg7 8.b4 a5 9.bxa5 Bf5
10.Bxf5 gxf5 11.Bd2 Ne4 12.O-O Nxd2 13.Nxd2 Qxa5 14.Qc2 b4 15.Ne2 e6 16.Nf4 O-O
17.Kh1 Nd7 18.Nb3 Qb5 19.f3 Ra3 20.g4 fxg4 21.Nh5 Nf6 22.Nxg7 Kxg7 23.e4 Rfa8
24.e5 Ng8 25.Rg1 Ne7 26.fxg4 Ng6 27.Qf2 Kf8 28.Rg3 Ke8 29.h4 Qa6 30.h5 Nf8
31.Rf3 Ra7 32.Kg2 Nd7 33.Rxf7 Rxb3 34.Rxd7 Rxd7 35.Rf1 Qxf1+ 36.Qxf1 Rb2+
37.Kg3 Rxa2 38.Qf6 Re7 39.Qh8+ Kd7 40.Qb8 b3 41.Qxb3 Ra7 42.g5 Re8 43.Kg4 Rg8
44.Qb6 Rc7 45.Qb1 Kc8 46.Qf1 Kb7 47.Qf6 Re8 48.Qf1 Rg8 49.Qb1+ Kc8 50.g6 hxg6
51.hxg6 Rf7 52.Kg5 Rf2 53.Qg1 Rf5+ 54.Kh6 Rh8+ 55.Kg7 Rff8 56.Qa1 Rhg8+ 57.Kh7 Rh8+
58.Kg7 Rhg8+ 59.Kh6 Rh8+ 60.Kg5 Rf5+ 61.Kg4 Rhh5 62.Qa8+ Kd7 63.Qb7+ Ke8
64.Qxc6+ Kf8 65.Qd6+ Kg7 66.Qe7+ Kh8 67.g7+ Kh7 68.g8=Q+  1-0

[Event "Masters"]
[Site "Abu Dhabi UAE"]
[Date "2005.08.22"]
[Round "8"]
[White "Moradiabadi,E"]
[Black "Grigoriants,S RUS"]
[Result "0-1"]
[WhiteElo "2485"]
[BlackElo "2562"]

1.d4 d5 2.c4 c6 3.Nf3 Nf6 4.Nc3 a6 5.e3 e6 6.Qc2 c5 7.a3 Nc6 8.dxc5 Bxc5
9.b4 Bd6 10.Bb2 a5 11.b5 Ne7 12.Na4 O-O 13.c5 Bc7 14.Bd3 Bd7 15.b6 Bb8 16.Ne5 Be8
17.O-O Nc6 18.Nxc6 Bxc6 19.f4 h6 20.Nc3 e5 21.Nb5 Qe7 22.Rac1 Nd7 23.a4 Re8
24.Kh1 Rc8 25.Ba3 Nf6 26.Bf5 Rd8 27.Bb2 Nd7 28.Qc3 f6 29.Bb1 Nf8 30.Qb3 Ne6
31.Qc2 Nf8 32.Rcd1 Qe8 33.Ba2 Kh8 34.Nc3 Ng6 35.Bxd5 Rxd5 36.Nxd5 Bxa4 37.Qe4 Bc6
38.Qf5 Qf7 39.e4 exf4 40.Qh5 Be5 41.Ba3 Re8 42.h3 Kg8 43.Bc1 Nf8 44.Qf3 Ne6
45.Qa3 Ng5 46.Bxf4 Nxe4 47.Nc7 Bxf4 48.Rxf4 Re5 49.Qxa5 Qh5 50.Rd3 Qe2 51.Rdf3 Nxc5
52.Rf2 Qe3 53.Qd2 Qxh3+ 54.Kg1 Qb3 55.Rb4 Qg3 56.Rd4 Ne4 57.Rf3 Qh4 58.Qb4 Rh5
59.Rxe4 Qxe4  0-1

[Event "Ada Open"]
[Site "Belgrade SCG"]
[Date "2005.08.22"]
[Round "8"]
[White "Stamenkovic,A"]
[Black "Trisic,D"]
[Result "1/2-1/2"]
[WhiteElo "2272"]
[BlackElo "2084"]

1.d4 d5 2.c4 c6 3.Nf3 Nf6 4.Nc3 a6 5.e3 b5 6.b3 Bg4 7.Be2 e6 8.O-O Bd6 9.h3 Bh5
10.Bb2 O-O 11.Ne5 Bxe2 12.Nxe2 Nfd7 13.cxd5 cxd5 14.Rc1 Ra7 15.Qd2 Rc7 16.Rxc7 Qxc7
17.Rc1 Qb7 18.Qc2 Nb6 19.Nd3 Rc8 20.Nc5 Qe7 21.Qd2 Qa7 22.Rc2 Nc6 23.Nc1 a5
24.N1d3 a4 25.e4 axb3 26.axb3 h6 27.e5 Be7 28.Qc1 Na5 29.Bc3 Nb7 30.Bb4 Nd8
31.Qd2 Qa1+ 32.Nc1 Nc6 33.Bc3 Qb1 34.Rb2 Qf5 35.N1d3 b4 36.Nxb4 Nxd4 37.Bxd4 Bxc5
38.Bxc5 Rxc5 39.Qe3 Nd7 40.f4 g5 41.fxg5 hxg5 42.Re2 Qf4 43.Qxf4 gxf4 44.Nd3 Rc3
45.Nxf4 Rxb3 46.Kf2 Nc5 47.Re3 Ne4+ 48.Kf3 Nd2+ 49.Ke2 Rxe3+ 50.Kxe3 Nc4+
51.Kd4 Kg7 52.g4 Nd2 53.Ke3 Nc4+ 54.Kd4 Nd2 55.Ke3 Nc4+ 56.Kd4 Nd2 57.Nd3 Nc4
58.Nf4 Nd2 59.Nd3 Nc4  1/2-1/2

[Event "2nd Dato' Arthur Tan Malaysian Open"]
[Site "Kuala Lumpur MAS"]
[Date "2005.08.23"]
[Round "6"]
[White "Chan,N"]
[Black "Ahmad,I"]
[Result "1-0"]
[WhiteElo "2313"]
[BlackElo "2250"]

1.d4 d5 2.c4 c6 3.Nc3 Nf6 4.Nf3 a6 5.Qb3 g6 6.h3 Bg7 7.Bf4 O-O 8.e3 Qa5 9.Nd2 Nbd7
10.Be2 Re8 11.O-O e5 12.dxe5 Nxe5 13.cxd5 Nxd5 14.Bxe5 Bxe5 15.Nc4 Qc5 16.Nxd5 Qxd5
17.Rad1 Qc5 18.Nxe5 Qxe5 19.Rd2 Rb8 20.Rfd1 Be6 21.Qb6 Bd5 22.Bf1 Re7 23.a3 Rbe8
24.Rd4 Qg5 25.Rg4 Qe5 26.Rf4 Kg7 27.Rd2 Kg8 28.a4 Kg7 29.Rb4 Qf5 30.Qc5 Kg8
31.Rb6 Qb1 32.Rc2 Re5 33.Rc1 Qe4 34.Rb4 Qf5 35.Rf4 Qe6 36.Qb6 Rg5 37.Rc5 h6
38.Qxb7 Bxg2 39.Rxg5 hxg5 40.Bc4 Bd5 41.Bxd5 cxd5 42.Rg4 Rc8 43.Kg2 Qf5 44.b4 Rc2
45.Qb8+ Kh7 46.Qg3 f6 47.Rd4 Ra2 48.a5 Ra1 49.Qc7+ Kh6 50.Qd8 Kg7 51.Qe7+ Kh6
52.e4 Qc8 53.Rxd5 Ra3 54.Rd7 Qg8 55.Rd8 Qg7 56.Qc5 f5 57.exf5 Rc3 58.Qd6 Qb7+
59.Qd5 Qxd5+ 60.Rxd5 Rc4 61.Rd6 Rxb4 62.Rxg6+ Kh5 63.Rxa6 g4 64.hxg4+ Rxg4+
65.Kf3 Ra4 66.f6 Kg6 67.Ke3 Kf7 68.Kd3 Ra3+ 69.Kd4 Ra2 70.f3 Rf2 71.Rc6 Rxf3
72.a6 Ra3 73.Kc5  1-0